000 00465cam a22001934a 4500
005 20250605164303.0
008 250528s ||||||||||||||||||||||||d
035 _a22151
020 _a9789604699391
040 _aGR-AtMCL
_bgre
_dGR-AtMCL
_eAACR2
245 1 _aΛΟΥΙ ΛΑΜΠΕΡ
250 _a2
260 _bΤο Βημα,
_c2011
300 _a135
700 1 _aΜπαλζακ Ονορε Ντε
_98015
942 _cBK
999 _c7207
_d7207